Interfaces of performance / (Record no. 22373)

000 -LEADER
fixed length control field 02685cam a2200361 a 4500
001 - CONTROL NUMBER
control field 15762708
003 - CONTROL NUMBER IDENTIFIER
control field OSt
005 - DATE AND TIME OF LATEST TRANSACTION
control field 20170124085853.0
008 - FIXED-LENGTH DATA ELEMENTS--GENERAL INFORMATION
fixed length control field 090604s2009 enka b 001 0 eng
010 ## - LIBRARY OF CONGRESS CONTROL NUMBER
LC control number 2009021343
015 ## - NATIONAL BIBLIOGRAPHY NUMBER
National bibliography number GBA981152
Source bnb
016 7# - NATIONAL BIBLIOGRAPHIC AGENCY CONTROL NUMBER
Record control number 015351204
Source Uk
020 ## - INTERNATIONAL STANDARD BOOK NUMBER
International Standard Book Number 9780754675761 (alk. paper)
020 ## - INTERNATIONAL STANDARD BOOK NUMBER
International Standard Book Number 0754675769 (alk. paper)
035 ## - SYSTEM CONTROL NUMBER
System control number (OCoLC)ocn396175673
040 ## - CATALOGING SOURCE
Original cataloging agency DLC
Transcribing agency DLC
Modifying agency UKM
-- BWKUK
-- YDXCP
-- CDX
-- DLC
050 00 - LIBRARY OF CONGRESS CALL NUMBER
Classification number NX180.T4
Item number I67 2009
082 00 - DEWEY DECIMAL CLASSIFICATION NUMBER
Classification number 700.1
Edition number 22
082 00 - DEWEY DECIMAL CLASSIFICATION NUMBER
Classification number 790.20285
Edition number 22
245 00 - TITLE STATEMENT
Title Interfaces of performance /
Statement of responsibility, etc. edited by Maria Chatzichristodoulou, Janis Jefferies, Rachel Zerihan.
260 ## - PUBLICATION, DISTRIBUTION, ETC. (IMPRINT)
Place of publication, distribution, etc. Farnham, England ;
-- Burlington, VT :
Name of publisher, distributor, etc. Ashgate,
Date of publication, distribution, etc. c2009.
300 ## - PHYSICAL DESCRIPTION
Extent xvi, 216 p. :
Other physical details ill. ;
Dimensions 24 cm.
440 #0 - SERIES STATEMENT/ADDED ENTRY--TITLE
Title Digital research in the arts and humanities
504 ## - BIBLIOGRAPHY, ETC. NOTE
Bibliography, etc Includes bibliographical references (p. 203-210) and index.
505 0# - FORMATTED CONTENTS NOTE
Formatted contents note Creative media : performance, invention, critique / Sarah Kember and Joanna Zylinska -- Environments, interactions and beings : the ecology of performativity and technics / Chris Salter -- Blurring the boundaries : performance, technology, and the artificial sublime : an interview with Ruth Gibson and Bruno Martelli, Igloo / Janis Jefferies with response from Steve Dixon -- ORLAN-vertigo/Self-touching-you / Simon Donger with response from Joanna Zylinska -- The path to silence / Allucquére Rosanne Stone -- Reactivation : performance, mediatization, and the present moment / Philip Auslander -- Moving audiences : strategies of exposure in the work of Gob Squad / Patrick Primavesi -- How to kidnap your audiences : an interview with Matt Adams from Blast Theory / Maria Chatzichristodoulou (aka Maria X) with response from Gabriella Giannachi -- The tendency to trans- : the political aesthetics of the biogrammatic zone / Sher Doruff -- Guillermo Gómez-Peña : ethno-techno politics / Lorena Rivero de Beer and Guillermo Gómez-Peña -- Performative science in an age of specialisation : the case of critical art ensemble / Nicola Triscott -- Affective connection / Bojana Kunst -- Love at first byte / Melinda Rackham.
650 #0 - SUBJECT ADDED ENTRY--TOPICAL TERM
Topical term or geographic name as entry element Technology and the arts.
650 #0 - SUBJECT ADDED ENTRY--TOPICAL TERM
Topical term or geographic name as entry element Performing arts
General subdivision Technological innovations.
700 1# - ADDED ENTRY--PERSONAL NAME
Personal name Chatzichristodoulou, Maria.
700 1# - ADDED ENTRY--PERSONAL NAME
Personal name Jefferies, Janis.
700 1# - ADDED ENTRY--PERSONAL NAME
Personal name Zerihan, Rachel.
906 ## - LOCAL DATA ELEMENT F, LDF (RLIN)
a 7
b cbc
c orignew
d 1
e ecip
f 20
g y-gencatlg
942 ## - ADDED ENTRY ELEMENTS (KOHA)
Source of classification or shelving scheme
Koha item type Hard Covered Materials
Classification part NX 180 .T4 I67 2009
Holdings
Withdrawn status Lost status Source of classification or shelving scheme Damaged status Not for loan Home library Current library Shelving location Date acquired Source of acquisition Total Checkouts Full call number Barcode Date last seen Price effective from Koha item type
          MACHAKOS UNIVERSITY LIBRARY MACHAKOS UNIVERSITY LIBRARY Open shelf 24/01/2017 Donation(B.F.A)   NX 180 .T4 I67 2009 31876 24/01/2017 24/01/2017 Hard Covered Materials
© Machakos University Library, Along The Highway, Machakos Wote Rd, Machakos, Kenya P.O. Box 136 - 90100 Machakos - Kenya

Tel: ( +254 ) 723 805829 OR Fax : 044-20353 OR Email: library@mksu.ac.ke